Propuesta metodológica para la caracterización y monitoreo de la sustentabilidad de proyectos productivos en humedales / (Registro nro. 5560)
[ vista simple ]
| 000 -CABECERA | |
|---|---|
| Campo de control | 00936nam a2200253 a 4500 |
| 005 - FECHA Y HORA DE LA ULTIMA TRANSACCION | |
| Campo de control | 20180223163232.0 |
| 008 - ELEMENTOS DE LONGITUD FIJA—INFORMACION GENERAL | |
| Campo de control | 140725b2005 ec ||||| |||| 00| 0 spa d |
| 020 ## - ISBN | |
| ISBN | 9978441387 |
| 040 ## - FUENTE DE CATALOGACIÓN | |
| Agencia catalogadora original | CO-BoIAVH |
| Agencia transcriptora | CO-BoIAVH |
| 041 0# - IDIOMA | |
| Código de idioma para texto/pista de sonido o título separado | Español |
| 044 ## - PAÍS DE PUBLICACIÓN | |
| País de publicación | Ecuador |
| 082 04 - NUMERO DE CLASIFICACION DECIMAL DEWEY | |
| Número de clasificación | 333.95 |
| Número del ítem | B85p |
| 100 1# - ASIENTO PRINCIPAL--NOMBRE PERSONAL | |
| Nombre personal | Briones, Ernesto |
| 9 (RLIN) | 89879 |
| 245 10 - MENCION DE TITULO | |
| Título | Propuesta metodológica para la caracterización y monitoreo de la sustentabilidad de proyectos productivos en humedales / |
| Mención de responsabilidad | Briones L. y Jaramillo L. |
| 260 ## - PUBLICACION, DISTRIBUCION, ETC. (PIE DE IMPRENTA) | |
| Lugar de publicación, distribución, etc. | Quito (Ecuador) : |
| Nombre del editor, distribuidor, etc. | Ministerio del Ambiente : |
| -- | CORPEI : |
| -- | EcoCiencia, |
| Fecha de publicación, distribución, etc. | 2005. |
| 300 ## - DESCRIPCION FISICA | |
| Extensión | 79 páginas : |
| Otros detalles físicos | gráficas ; |
| Dimensiones | 30 x 21 cm. |
| 500 ## - NOTA GENERAL | |
| Nota general | Incluye glosario. |
| 504 ## - NOTA DE BIBLIOGRAFIA, ETC. | |
| Nota de bibliografía | Incluye referencias bibliografías (73 - 75). |
| 650 #6 - ASIENTO SECUNDARIO DE MATERIA - TERMINO TEMATICO | |
| Término temático o nombre geográfico como elemento de entrada | Humedales |
| Subdivisión general | Monitoreo |
| Subdivisión geográfica | Ecuador |
| 9 (RLIN) | 89880 |
| 650 #6 - ASIENTO SECUNDARIO DE MATERIA - TERMINO TEMATICO | |
| Término temático o nombre geográfico como elemento de entrada | Humedales |
| Subdivisión general | Caracterización |
| 9 (RLIN) | 89881 |
| 650 #6 - ASIENTO SECUNDARIO DE MATERIA - TERMINO TEMATICO | |
| Término temático o nombre geográfico como elemento de entrada | Humedales |
| Subdivisión general | Proyectos |
| 9 (RLIN) | 89882 |
| 700 1# - ASIENTO SECUNDARIO - NOMBRE PERSONAL | |
| Nombre personal | Jaramillo, Lorena |
| 9 (RLIN) | 89883 |
| 942 ## - ELEMENTOS ADICIONALES (KOHA) | |
| Tipo de ítem | Libro |
| Sistema de clasificación | Dewey Decimal Classification |
| Koha issues (borrowed), all copies | 1 |
| Withdrawn status | Lost status | Sistema de Clasificación | Damaged status | No para préstamo | Colección | Inventariado | Ubicación Permanente | Ubicación actual | Fecha de adquisición | Fuente de Valor | Valor | Total Checkouts | Número topográfico | Inventario / Código de Barras | Date last seen | Date checked out | Ejemplar | Price effective from | Forma de adquisición | Tipo de material |
|---|---|---|---|---|---|---|---|---|---|---|---|---|---|---|---|---|---|---|---|---|
| Dewey Decimal Classification | General | Inventariado 2017 | Bogotá | Bogotá | 28/05/2007 | Instituto | 15000.00 | 1 | LB-333.95 B85p | 024396 | 19/08/2016 | 19/08/2016 | Ej. 1 | 04/12/2012 | Libro | |||||
| Dewey Decimal Classification | General | Inventariado 2017 | Sala Fabio Quevedo | Sala Fabio Quevedo | 25/07/2014 | Instituto | 15000.00 | LB-333.95 B85p | 038208 | 25/07/2014 | Ej. 2 | 25/07/2014 | Institucional | Libro |